Rajasthan / (Record no. 352773)
[ view plain ]
| 000 -LEADER | |
|---|---|
| fixed length control field | 02060 a2200265 4500 |
| 003 - CONTROL NUMBER IDENTIFIER | |
| control field | OSt |
| 005 - DATE AND TIME OF LATEST TRANSACTION | |
| control field | 20180116192346.0 |
| 008 - FIXED-LENGTH DATA ELEMENTS--GENERAL INFORMATION | |
| fixed length control field | 120530t xxu||||| |||| 00| 0 eng d |
| 020 ## - INTERNATIONAL STANDARD BOOK NUMBER | |
| International Standard Book Number | 9782843234460 (hardcover) |
| 020 ## - INTERNATIONAL STANDARD BOOK NUMBER | |
| International Standard Book Number | 9782843234460 (hardcover) |
| 040 ## - CATALOGING SOURCE | |
| Transcribing agency | 0 |
| 082 04 - DEWEY DECIMAL CLASSIFICATION NUMBER | |
| Classification number | 954.4 |
| 100 1# - MAIN ENTRY--PERSONAL NAME | |
| Personal name | Lynden, Pauline Van. |
| 9 (RLIN) | 2607 |
| 245 10 - TITLE STATEMENT | |
| Title | Rajasthan / |
| Statement of responsibility, etc. | Pauline Van Lynden. |
| 250 ## - EDITION STATEMENT | |
| Edition statement | 1st ed. |
| 260 ## - PUBLICATION, DISTRIBUTION, ETC. | |
| Place of publication, distribution, etc. | New York : |
| Name of publisher, distributor, etc. | Assouline Publishing, |
| Date of publication, distribution, etc. | 2003. |
| 300 ## - PHYSICAL DESCRIPTION | |
| Extent | 300 p. : |
| Other physical details | ill. ; |
| Dimensions | 33 cm. |
| 520 ## - SUMMARY, ETC. | |
| Summary, etc. | This stunningly lavish volume is based on Pauline van Lynden's notebooks, photographs and other material gathered over fifteen years of wanderings in Rajasthan, India. The book begins with Pauline's first overwhelming impressions of color, people and places. In search of material, making friends on her way, she discovers the Rajasthani cities, is invited to a royal wedding and finds artisans devoted to their centuries-old crafts. After some time, a longing for quiet draws her to the countryside, and the second half of the book focuses on the villages and a rhythm of life which has not changed much over the centuries. The fourteen chapters of the book are each introduced by two pages of stories and descriptions by Pauline to explain, in a personal way, the following pages of photographs. The text is limited to her impressions, as the book is meant to be essentially a visual experience. With her artistic background, an upbringing in international surroundings, a curious and eclectic mind, a keen photographer's eye and a great sensitivity for detail and atmosphere, Pauline is perfectly equipped to bring her own view of Rajasthan to the public in this informed and evocative manner. |
| 650 #0 - SUBJECT ADDED ENTRY--TOPICAL TERM | |
| Topical term or geographic name entry element | Collage |
| General subdivision | Manners and customs. |
| 9 (RLIN) | 2608 |
| 650 #0 - SUBJECT ADDED ENTRY--TOPICAL TERM | |
| Topical term or geographic name entry element | Photography, Artistic |
| Geographic subdivision | India |
| 9 (RLIN) | 2609 |
| 651 #0 - SUBJECT ADDED ENTRY--GEOGRAPHIC NAME | |
| Geographic name | India |
| Geographic subdivision | Rajasthan. |
| 9 (RLIN) | 2610 |
| 856 40 - ELECTRONIC LOCATION AND ACCESS | |
| Materials specified | Amazon.com |
| Uniform Resource Identifier | <a href="http://www.amazon.com/exec/obidos/ASIN/2843234468/chopaconline-20">http://www.amazon.com/exec/obidos/ASIN/2843234468/chopaconline-20</a> |
| 942 ## - ADDED ENTRY ELEMENTS (KOHA) | |
| Institution code [OBSOLETE] | SADA |
| Koha item type | Book |
| Call number prefix | 954.4 LYN 2003 |
| Source of classification or shelving scheme | |
| Withdrawn status | Lost status | Source of classification or shelving scheme | Damaged status | Not for loan | Permanent Location | Current Location | Date acquired | Total Checkouts | Full call number | Barcode | Date last seen | Copy number | Cost, replacement price | Price effective from | Koha item type |
|---|---|---|---|---|---|---|---|---|---|---|---|---|---|---|---|
| School of Art Design and Architecture (SADA) | School of Art Design and Architecture (SADA) | 04/12/2011 | 954.4 LYN 2003 | SADA0000774 | 08/05/2011 | 01 | 5332.00 | 08/05/2011 | Book | ||||||
| School of Art Design and Architecture (SADA) | School of Art Design and Architecture (SADA) | 04/12/2011 | 954.4 LYN 2003 | SADA0000775 | 08/05/2011 | 02 | 5332.00 | 08/05/2011 | Book |
